00656nam a2200241 a 4500001001300000003000900013005001700022008004100039020001000080082001300090100002200103245003300125260003800158300000900196500003500205505001000240650001900250700002200269902000800291942000700299952009300306999001500399nice12345678IN_TiNIC20260116011646.0050524s1927 newa grp 000 0 eng  ac10000a270bSTU aStuber, Stanley I aHow We Got Our Denominations aNew YorkbAssociation Pressc1927 a225p aincludes index and biblioraphy2 aIndex aChurch-History1 aStuber, Stanley I bSRS cBK 00104070aHMIbHMId2007-07-17g100.00l0o270 STUp08836r2007-07-17w2026-01-16yEB c3199d3199